Joueurs avec une note supérieure à 90 dans FIFA depuis 2007 - Statistiques

Statistiques générales
  • Ce quiz a été pris 2 427 fois
  • Le résultat moyen est 39 sur 73
Statistiques - réponses
Notes Joueur % Correct
90 Messi
99%
90 Messi
99%
90 Messi
99%
94 Messi
99%
94 Messi
99%
94 Messi
99%
93 Messi
99%
94 Messi
99%
93 Messi
99%
91 Ronaldo
99%
91 Ronaldo
99%
92 Ronaldo
99%
92 Ronaldo
99%
92 Ronaldo
99%
92 Ronaldo
99%
93 Ronaldo
99%
94 Ronaldo
99%
90 Neymar
87%
92 Neymar
87%
90 Neuer
75%
90 Neuer
75%
92 Neuer
75%
91 Iniesta
72%
90 Iniesta
72%
92 Xavi
72%
90 Xavi
72%
90 Suarez
70%
92 Suarez
70%
91 Ronaldinho
67%
91 Ronaldinho
67%
90 Kaka
64%
90 Kaka
64%
90 Lewandowski
60%
90 Ribéry
60%
91 Henry
59%
91 Henry
59%
93 Buffon
55%
91 Buffon
55%
90 Buffon
55%
90 Robben
55%
90 Robben
55%
90 Ibrahimovic
54%
90 Ibrahimovic
54%
93 Rooney
54%
90 Rooney
54%
90 Rooney
54%
90 Bale
52%
91 Casillas
48%
90 Casillas
48%
91 Cannavaro
34%
90 Lampard
32%
90 Boateng
24%
90 De Gea
22%
91 Nesta
18%
91 Nesta
18%
90 Totti
16%
90 Falcao
15%
91 Terry
14%
90 Terry
14%
90 Trezeguet
12%
90 Zé Roberto
9%
92 Coupet
5%
Notes 2007 Joueur
0%
Notes 2008 Joueur
0%
Notes 2009 Joueurs
0%
Notes 2010 Joueurs
0%
Notes 2011 Joueurs
0%
Notes 2012 Joueurs
0%
Notes 2013 Joueurs
0%
Notes 2014 Joueurs
0%
Notes 2015 Joueurs
0%
Notes 2016 Joueurs
0%
Notes 2017 Joueurs
0%
Aucun quiz correspondant
Distribution des résultats
% des personnes avec chaque résultat
Percentile par nombre de réponses
Votre historique - résultats
Vous n’avez pas pris ce quiz